Dòng sông ly biệt

Sparad:
Bibliografiska uppgifter
Huvudupphovsman: Quỳnh Dao
Materialtyp: Bok
Språk:Undetermined
Publicerad: Hà Nội Hội Nhà Văn 1999
Ämnen:
Taggar: Lägg till en tagg
Inga taggar, Lägg till första taggen!
Thư viện lưu trữ: Trung tâm Học liệu Trường Đại học Cần Thơ
LEADER 00498nam a2200169Ia 4500
001 CTU_35861
008 210402s9999 xx 000 0 und d
082 |a 895.13 
082 |b Qu609 
100 |a Quỳnh Dao 
245 0 |a Dòng sông ly biệt 
245 0 |c Quỳnh Dao, Liêu Quốc Nhĩ 
260 |a Hà Nội 
260 |b Hội Nhà Văn 
260 |c 1999 
650 |a chinese fiction - 20th century ( vietnemese ) 
980 |a Trung tâm Học liệu Trường Đại học Cần Thơ